LEADER 00881nam0-22003011i-450- 001 990001868630403321 005 20021010 035 $a000186863 035 $aFED01000186863 035 $a(Aleph)000186863FED01 035 $a000186863 100 $a20021010d--------km-y0itay50------ba 101 0 $aita 200 1 $aSopra una nuova falsificazione dei concimi chimici$fA. Bruttini. 210 $aModena$c...$d1903. 215 $ap. 584-590$d24 cm 300 $aEstr. da: Le Stazioni sperimentali agrarie italiane, 36(7):584-590,1903 610 0 $aConcimi chimici 676 $a631.8 700 1$aBruttini,$bA.$0358485 801 0$aIT$bUNINA$gRICA$2UNIMARC 901 $aBK 912 $a990001868630403321 952 $a60 MISC. B 144/31$b$fFAGBC 959 $aFAGBC 996 $aSopra una nuova falsificazione dei concimi chimici$9401413 997 $aUNINA DB $aING01 LEADER 01057nam0 2200253 i 450 001 SUN0062027 005 20071109120000.0 010 $a978-31-10-19548-4 100 $a20071109d2007 |0engc50 ba 101 $aeng 102 $aUS 105 $a|||| ||||| 200 1 $aOld Age in the Middle Ages and the Renaissance$einterdisciplinary approaches to a neglected topic$fedited by Albrecht Classen 210 $aNew York$cWalter De Gruyter$d2007 215 $a575 p.$d24 cm. 620 $aUS$dNew York$3SUNL000011 702 1$aClassen$b, Albrecht$3SUNV049006 712 $aDe Gruyter$3SUNV002714$4650 801 $aIT$bSOL$c20181109$gRICA 912 $aSUN0062027 950 $aUFFICIO DI BIBLIOTECA DEL DIPARTIMENTO DI LETTERE E BENI CULTURALI$d07 CONS VD 422 $e07 17985 995 $aUFFICIO DI BIBLIOTECA DEL DIPARTIMENTO DI LETTERE E BENI CULTURALI$bIT-CE0103$h17985$kCONS VD 422$oc$qa 996 $aOld Age in the Middle Ages and the Renaissance$91415626 997 $aUNICAMPANIA